Estudio de los principales acuerdos precontractuales con modelos en inglš y espaǫl

Bibliographic Details
Main Author: Marn̕ Narros, Hčtor Daniel
Format: eBook
Language:Spanish
Published: Barcelona : J.M. Bosch Editor, 2012
Subjects:
Online Access:Acceso restrigido

MARC

LEADER 00000nam a22000007a 4500
005 20120918162917.0
007 cr|||| ||||
008 120918s2012 sp |||||s|||| 00||0 spa d
020 |a 978-84-7698-768-1 
035 |a 6685 
040 |a vLex 
090 |c 3436  |d 3436 
100 1 |a Marn̕ Narros, Hčtor Daniel 
245 1 0 |a Estudio de los principales acuerdos precontractuales con modelos en inglš y espaǫl  |h [Recurso electrn̤ico] /  |c Hčtor Daniel Marn̕ Narros  
256 |a Servicio en ln̕ea 
260 |a Barcelona :  |b J.M. Bosch Editor,  |c 2012 
300 |a 1 recurso electrn̤ico 
506 1 |a Contenido solo disponible en los productos indicados  |d vLex Global   |d vLex Global (Academic Edition, excluding Law Schools)   |d vLex Global (U.S. Academic Edition, Law Schools)   |d vLex Global (U.S. Academic Edition, excluding Law Schools)   |d vLex Global (Academic Edition, Law Schools)  
650 0 4 |a Contratos preliminares 
740 0 |a vLex Libros (Servicio en ln̕ea) 
856 4 0 |u http://vlex.com/source/estudio-principales-acuerdos-precontractuales-modelos-ingles-espa-ol-6685  |z Acceso restrigido 
942 |c BOOK 
999 0 |a Contracts, Preliminary